Agresividad humana : (Record no. 210066)

MARC details
000 -CABECERA
campo de control de longitud fija 00722cam a22002057a 4500
003 - IDENTIFICADOR DEL NÚMERO DE CONTROL
campo de control M-MxUPN
005 - FECHA Y HORA DE LA ÚLTIMA TRANSACCIÓN
campo de control 20240316063918.0
008 - ELEMENTOS DE LONGITUD FIJA--INFORMACIÓN GENERAL
campo de control de longitud fija 230816s1979 mx|d|||frm||| 000 0 spa d
040 ## - FUENTE DE LA CATALOGACIÓN
Centro catalogador/agencia de origen MX-MxUPN
Lengua de catalogación spa
050 #4 - SIGNATURA TOPOGRÁFICA DE LA BIBLIOTECA DEL CONGRESO
Número de clasificación BF575 A3
Número de documento/Ítem P84 1979
100 1# - ASIENTO PRINCIPAL--NOMBRE PERSONAL
9 (RLIN) 49898
Nombre de persona Puente González, Jesús J.
245 10 - MENCIÓN DE TÍTULO
Título Agresividad humana :
Resto del título algunos problemas y teorías
260 ## - PUBLICACIÓN, DISTRIBUCIÓN, ETC.
Lugar de publicación, distribución, etc. México, D.F.:
Nombre del editor, distribuidor, etc. Universidad Iberoamericana,
Fecha de publicación, distribución, etc. 1979
300 ## - DESCRIPCIÓN FÍSICA
Extensión 101 hojas :
502 ## - NOTA DE TESIS
Nota de tesis Tesis (Licenciatura en Psicología) -- Universidad Iberoamericana, 1979.
650 #4 - ASIENTO SECUNDARIO DE MATERIA - TERMINO TEMATICO
Término de materia o nombre geográfico como elemento de entrada Agresividad (Psicología)
9 (RLIN) 2250
700 1# - ASIENTO SECUNDARIO--NOMBRE DE PERSONAL
9 (RLIN) 28051
Nombre de persona Choynowski, Mieczyslaw,
Fechas asociadas al nombre 1909-2001
Término indicativo de función/relación asesoría
902 ## - ELEMENTOS DE DATOS B LOCAL, LDB (RLIN)
Creó LC16082023
Modificó VíctorGodínez/070923
942 ## - ELEMENTOS DE PUNTO DE ACCESO ADICIONAL (KOHA)
Fuente del sistema de clasificación o colocación Library of Congress Classification
Tipo de ítem Koha Libro
Holdings
Estado de retiro Estado de pérdida Fuente del sistema de clasificación o colocación Estado dañado No para préstamo Código de colección Localización permanente Ubicación/localización actual Ubicación en estantería Fecha de adquisición Clasificación Código de barras Fecha visto por última vez Tipo de ítem Koha
    Library of Congress Classification     Colección General Bib. Gregorio Torres Quintero Bib. Gregorio Torres Quintero Planta baja 16/08/2023 BF575 A3 P84 1979 240404 16/08/2023 Libro